Normal view
MARC view
- Raju Sethuraman, M. Sivakumar Srinivasan
Entry Corporate Name
001 - CONTROL NUMBER
- control field: 122729
003 - CONTROL NUMBER IDENTIFIER
- control field: NUST
005 - DATE AND TIME OF LATEST TRANSACTION
- control field: 20240517184907.0
008 - FIXED-LENGTH DATA ELEMENTS
- fixed length control field: 240517|| aca||aabn | a|a d
040 ## - CATALOGING SOURCE
- Original cataloging agency: NUST
- Transcribing agency: NUST
110 ## - HEADING--CORPORATE NAME
- Corporate name or jurisdiction name as entry element: Raju Sethuraman, M. Sivakumar Srinivasan
670 ## - SOURCE DATA FOUND
- Source citation: Work cat.: (NUST): Rao Lakshmana C.. Lakshminarasimhan J. 122728, Engineering Mechanics Statics and Dynamics, 2003.
